000 01342nam a2200265Ia 4500
999 _c35762
_d35762
001 1641
003 GE_BSU
005 20190529213340.0
008 181216s2011||||ge |||||||||||||| ||geo||
020 _a9789941412790
040 _cGE_BSU
041 _ageo
080 _a665.71(075.8)+665.612(075.8) ნ–68
100 _aნიჟარაძე, ე.
_91822
245 _c ე. ნიჟარაძე, ნ. მამულაიშვილი ; რედ. დ. ჩხაიძე ; შოთა რუსთაველის სახელმწ. უნ-ტი.
_aნავთობისა და გაზის ქიმია :
_bსახელმძღვანელო /
264 _aბათუმი :
_bშოთა რუსთაველის სახელმწ. უნ-ტის გამ-ბა,
_c2011.
300 _a240 გვ.:
_bცხრ. ;
_c19 სმ.
504 _a ბიბლიოგრ.: გვ. 239-240.
653 _aნავთობის ქიმია
653 _aგაზის ქიმია
700 _aმამულაიშვილი, ნ.
_eავტორი
_91823
700 _aჩხაიძე, დ.
_eრედაქტორი
_91824
710 _a შოთა რუსთაველის სახელმწ. უნ-ტი
_91825
942 _cBK
_2udc